[Event "Rewal 2011 - Open A"]
[Site "Rewal"]
[Date "2011.08.24"]
[Round "5.14"]
[White "Szymanski, Andrzej"]
[Black "Cukrowski, Filip"]
[Result "1-0"]
[WhiteElo "2214"]
[BlackElo "2113"]
[EventDate "2011.??.??"]
[PlyCount "75"]

1.d4 Nf6 2.c4 g6 3.Nc3 Bg7 4.e4 d6 5.Nf3 O-O 6.Be2 Nbd7 7.Be3 e5 8.d5 Nc5 
9.Nd2 a5 10.g4 Ne8 11.Rg1 Kh8 12.Nb3 b6 13.Qd2 a4 14.Nxc5 dxc5 15.O-O-O 
Nd6 16.h4 Ba6 17.h5 Bxc4 18.g5 Bxe2 19.Qxe2 Kg8 20.Rg3 a3 21.b3 Qc8 22.Rh1
c4 23.b4 Qd7 24.Rgh3 Rfd8 25.hxg6 hxg6 26.Qf3 Ne8 27.Qg3 Qd6 28.Qh2 Kf8 
29.Bd2 Qxb4 30.Nd1 Qd6 31.Bc3 c6 32.Ne3 Nc7 33.Rh7 Re8 34.Rxg7 Nb5 35.
Rxf7+ Kxf7 36.Qh7+ Kf8 37.Rh3 Rec8 38.Qh8+ 1-0

[Event "Rewal 2011 - Open A"]
[Site "Rewal"]
[Date "2011.08.24"]
[Round "5.16"]
[White "Wiewiora, Eneasz"]
[Black "Wandzik, Wojciech"]
[Result "1-0"]
[WhiteElo "2083"]
[BlackElo "2239"]
[EventDate "2011.??.??"]
[PlyCount "95"]

1.d4 f5 2.Nc3 g6 3.h4 Bg7 4.h5 c6 5.e4 fxe4 6.Nxe4 d5 7.Ng5 Nf6 8.hxg6 
hxg6 9.Rxh8+ Bxh8 10.Bd3 Bf5 11.N1h3 Qd7 12.Bf4 Na6 13.c3 c5 14.Qe2 Bxd3 
15.Qxd3 Qf5 16.Rd1 Rc8 17.Qxf5 gxf5 18.Be5 c4 19.Nf4 Kd7 20.Nf7 Nc7 21.Nh6
e6 22.Nf7 Bg7 23.Nd6 Rb8 24.Nb5 Nxb5 25.Bxb8 a6 26.f3 Ne8 27.Kf2 Bf6 28.
Re1 Nxd4 29.cxd4 Bxd4+ 30.Kf1 Bxb2 31.Nxe6 Bc3 32.Nc5+ Kc6 33.Rxe8 Kxc5 
34.Rc8+ Kd4 35.Ke2 Bb4 36.Ba7+ Kc3 37.Rd8 Kb2 38.Rxd5 c3 39.a4 Kb3 40.a5 
b5 41.g4 fxg4 42.fxg4 c2 43.Be3 Bxa5 44.Rd6 Bc3 45.Rxa6 b4 46.Kd3 Kb2 47.
Rc6 Kb1 48.Rxc3 1-0

[Event "Rewal 2011 - Open A"]
[Site "Rewal"]
[Date "2011.08.24"]
[Round "5.17"]
[White "Zielinski, Wojciech"]
[Black "Popova, Natalija"]
[Result "0-1"]
[WhiteElo "2097"]
[BlackElo "2317"]
[EventDate "2011.??.??"]
[PlyCount "62"]

1.b3 e5 2.Bb2 Nc6 3.e3 Nf6 4.Nf3 e4 5.Nd4 Nxd4 6.Bxd4 d5 7.d3 Bd6 8.dxe4 
dxe4 9.Nd2 O-O 10.Be2 Bf5 11.O-O c5 12.Bxf6 Qxf6 13.Bg4 Rad8 14.Bxf5 Qxf5 
15.Qe2 Bc7 16.Rfd1 Rd5 17.Nf1 Rfd8 18.Rxd5 Qxd5 19.Ng3 g6 20.Qg4 f5 21.Qg5
Rd7 22.h4 Qe5 23.Re1 Bd8 24.Qh6 Qf6 25.Qf4 Qxh4 26.Qb8 a6 27.Ne2 Qe7 28.c4
Kg7 29.g3 Bc7 30.Qc8 Ba5 31.Rf1 Rd8 0-1

[Event "Rewal 2011 - Open A"]
[Site "Rewal"]
[Date "2011.08.24"]
[Round "5.19"]
[White "Berlin, Tatiana"]
[Black "Szczukiewicz, Andrzej"]
[Result "0-1"]
[WhiteElo "2206"]
[BlackElo "2070"]
[EventDate "2011.??.??"]
[PlyCount "130"]

1.e4 c5 2.Nc3 Nc6 3.f4 g6 4.Nf3 Bg7 5.Bc4 e6 6.O-O Nge7 7.d3 d5 8.Bb5 Qb6 
9.Bxc6+ Qxc6 10.Qe1 O-O 11.Qh4 dxe4 12.dxe4 f6 13.Be3 b6 14.Rad1 Ba6 15.
Rf2 Rad8 16.Ne5 Rxd1+ 17.Nxd1 fxe5 18.Qxe7 Bf6 19.Qxf8+ Kxf8 20.fxe5 Qxe4 
21.exf6 Kf7 22.h3 g5 23.Bd2 h5 24.Nc3 Qe5 25.Rf3 Bb7 26.Rf2 Bc6 27.Ne2 Be4
28.Bc3 Qd6 29.h4 gxh4 30.Nf4 b5 31.Nh3 Qd1+ 32.Kh2 Qg4 33.Be5 a5 34.Rd2 
Bd5 35.b3 b4 36.Rf2 c4 37.bxc4 Bxc4 38.Bb2 Qg3+ 39.Kg1 e5 40.Bc1 Kg6 41.
Ng5 Bf7 42.Rf3 Qe1+ 43.Rf1 Qe2 44.Nf3 h3 45.gxh3 Bc4 46.Rf2 Qd1+ 47.Kh2 
Kxf6 48.Bb2 Bd5 49.Nxe5+ Ke6 50.Nd3 Bxa2 51.Kg3 Bb1 52.Nf4+ Kd7 53.c4 Qb3+
54.Kh4 Qxc4 55.Rd2+ Kc8 56.Be5 a4 57.Kxh5 a3 58.Nd5 Kb7 59.Kg5 b3 60.Rd4 
Qc1+ 61.Kf6 b2 62.Nc3 Qxc3 63.Rd7+ Kc8 64.Bxc3 Kxd7 65.Ke5 Bc2 0-1

[Event "Rewal 2011 - Open A"]
[Site "Rewal"]
[Date "2011.08.24"]
[Round "5.20"]
[White "Sliwerski, Radoslaw"]
[Black "Grygierczyk, Wojciech"]
[Result "1/2-1/2"]
[WhiteElo "2174"]
[BlackElo "2040"]
[EventDate "2011.??.??"]
[PlyCount "120"]

1.d4 d5 2.c4 c6 3.Nc3 dxc4 4.a4 Nf6 5.e3 Bf5 6.Bxc4 e6 7.Nf3 Bb4 8.O-O O-O
9.Nh4 Bg4 10.f3 Bh5 11.g4 Nd5 12.Ng2 Bg6 13.Na2 Be7 14.e4 Nb6 15.Bb3 a5 
16.Be3 Na6 17.Qe2 Nb4 18.Nxb4 Bxb4 19.Rad1 Qc7 20.Qf2 Nd7 21.h4 h6 22.Nf4 
Bh7 23.Nd3 Be7 24.h5 Rac8 25.Rc1 Qb8 26.Kh1 Nf6 27.Qg2 Rfd8 28.Rg1 Kh8 29.
Ne5 Rf8 30.g5 Nxh5 31.gxh6 g6 32.Nd7 Qd6 33.Nxf8 Rxf8 34.e5 Qb4 35.Bc2 c5 
36.dxc5 Qxb2 37.f4 Qc3 38.Bd2 Qd4 39.Qh2 Qxc5 40.Be4 Qd4 41.Bxb7 Qxa4 42.
Bf3 Qb3 43.Rc3 Qb2 44.Rc7 Bd8 45.Rb7 Qc2 46.Qg2 Qf5 47.Bg4 Nxf4 48.Qf3 Qd3
49.Bxf4 Qc4 50.Rc1 Qa2 51.Qe2 Qxe2 52.Bxe2 g5 53.Bf3 gxf4 54.Rb8 Be7 55.
Rcc8 Kg8 56.Rxf8+ Bxf8 57.Ra8 Bc2 58.Kg2 a4 59.h7+ Bxh7 60.Rxa4 Bh6 
1/2-1/2

[Event "Rewal 2011 - Open A"]
[Site "Rewal"]
[Date "2011.08.24"]
[Round "5.21"]
[White "Brzezinski, Mateusz"]
[Black "Szumilas, Piotr"]
[Result "1-0"]
[WhiteElo "2042"]
[BlackElo "2162"]
[EventDate "2011.??.??"]
[PlyCount "77"]

1.c4 e5 2.Nc3 Nf6 3.g3 d5 4.cxd5 Nxd5 5.Bg2 Nb6 6.Nf3 Nc6 7.d3 Be7 8.O-O 
O-O 9.a3 Re8 10.b4 Bf8 11.Bb2 a5 12.b5 Nd4 13.e3 Nxf3+ 14.Bxf3 a4 15.Qe2 
Re6 16.Rfd1 f5 17.e4 f4 18.Nd5 fxg3 19.hxg3 Nxd5 20.exd5 Re8 21.Bxe5 Bd6 
22.d4 Bf5 23.Qc4 Qd7 24.Re1 Rf8 25.Re3 Ra5 26.Bxd6 cxd6 27.b6 Rc8 28.Qe2 
Qb5 29.Qe1 Raa8 30.Re7 Re8 31.Rc1 Kf8 32.Rcc7 Qxb6 33.Rf7+ Kg8 34.Rce7 
Rxe7 35.Qxe7 Bg6 36.Rxg7+ Kh8 37.Qf6 Qb1+ 38.Kg2 Qf5 39.Rxg6+ 1-0

[Event "Rewal 2011 - Open A"]
[Site "Rewal"]
[Date "2011.08.24"]
[Round "5.22"]
[White "Kaminski, Piotr"]
[Black "Motyl, Tomasz"]
[Result "0-1"]
[WhiteElo "2158"]
[BlackElo "2027"]
[EventDate "2011.??.??"]
[PlyCount "76"]

1.d4 d5 2.c4 e6 3.Nc3 c5 4.cxd5 exd5 5.Nf3 Nc6 6.e3 Nf6 7.Be2 c4 8.Ne5 Bd6
9.f4 h5 10.O-O Bf5 11.Qa4 Rc8 12.Qb5 Qb6 13.Nxc4 dxc4 14.Qxf5 O-O 15.Bxh5 
Nxd4 16.Bxf7+ Kxf7 17.exd4 Qxd4+ 18.Kh1 Rc5 19.Qh3 Rh5 20.Be3 Rxh3 21.Bxd4
Rd3 22.Bxa7 b6 23.Bxb6 Rb8 24.Na4 Nd5 25.Bc5 Bxc5 26.Nxc5 Rd2 27.Ne4 Rd4 
28.Ng5+ Kg6 29.Ne6 Rd2 30.b3 c3 31.f5+ Kf6 32.Nc5 Re8 33.Rfe1 Rxe1+ 34.
Rxe1 Kxf5 35.Ne4 Rxa2 36.h3 c2 37.Ng3+ Kf4 38.Ne2+ Ke3 0-1

[Event "Rewal 2011 - Open A"]
[Site "Rewal"]
[Date "2011.08.24"]
[Round "5.24"]
[White "Sielicki, Tomasz"]
[Black "Szmyd, Arkadiusz"]
[Result "0-1"]
[WhiteElo "2022"]
[BlackElo "2155"]
[EventDate "2011.??.??"]
[PlyCount "80"]

1.d4 e6 2.Nf3 f5 3.d5 Qe7 4.dxe6 dxe6 5.Nc3 Nf6 6.e4 fxe4 7.Ng5 g6 8.h4 
Nc6 9.Be2 Bd7 10.Ngxe4 Bg7 11.Bg5 h6 12.Bxf6 Bxf6 13.h5 O-O-O 14.Nxf6 Qxf6
15.Qd3 Nb4 16.Qe4 Nd5 17.Qxg6 Qe5 18.Qe4 Qg5 19.Nxd5 exd5 20.Qe3 Qxe3 21.
fxe3 Rde8 22.Kd2 Rhg8 23.Bf3 Rg5 24.Rh4 c6 25.Rf4 Kc7 26.Rf6 Re6 27.Rxe6 
Bxe6 28.Rh1 Kd6 29.Rh4 Ke5 30.Rf4 Rf5 31.Bg4 Rg5 32.Bf3 Rf5 33.Rxf5+ Kxf5 
34.Kd3 Kg5 35.b3 Bf5+ 36.e4 dxe4+ 37.Bxe4 Bg4 38.Kd4 Bxh5 39.a4 Kf4 40.b4 
Be2 0-1

[Event "Rewal 2011 - Open A"]
[Site "Rewal"]
[Date "2011.08.24"]
[Round "5.25"]
[White "Mroziak, Maciej"]
[Black "Sliwicki, Damian"]
[Result "1-0"]
[WhiteElo "2153"]
[BlackElo "1899"]
[EventDate "2011.??.??"]
[PlyCount "45"]

1.e4 c5 2.c3 d5 3.exd5 Qxd5 4.d4 Nf6 5.Nf3 Bg4 6.Nbd2 cxd4 7.Bc4 Qd6 8.Qb3
Nc6 9.Bxf7+ Kd8 10.h3 Bxf3 11.Nxf3 h6 12.O-O Kc7 13.Nxd4 Nxd4 14.cxd4 Rd8 
15.d5 Kb8 16.Be3 g5 17.Rac1 Nd7 18.Rc6 Qe5 19.f4 Qg7 20.Be6 Qh7 21.Rfc1 
Bg7 22.Rc7 b6 23.Qa4 1-0

[Event "Rewal 2011 - Open A"]
[Site "Rewal"]
[Date "2011.08.24"]
[Round "5.26"]
[White "Koitka, Jakub"]
[Black "Musialkiewicz, Jan"]
[Result "1/2-1/2"]
[WhiteElo "1917"]
[BlackElo "2150"]
[EventDate "2011.??.??"]
[PlyCount "104"]

1.e4 c5 2.Nf3 d6 3.d4 cxd4 4.Nxd4 Nf6 5.Nc3 a6 6.Be3 e6 7.Be2 Be7 8.O-O 
O-O 9.f4 Qc7 10.Bf3 Nc6 11.Kh1 Re8 12.Qe1 Nxd4 13.Bxd4 e5 14.Be3 exf4 15.
Bxf4 Be6 16.Qg3 Nd7 17.Bg4 Ne5 18.Bxe5 dxe5 19.Bxe6 fxe6 20.Rad1 Rf8 21.
Qg4 Qc4 22.Rxf8+ Rxf8 23.g3 Bb4 24.Qe2 Qxe2 25.Nxe2 Rf2 26.Nc1 Rxc2 27.Nd3
Bd6 28.h3 Kf7 29.Kg1 Ke7 30.Kf1 g5 31.Rc1 Rd2 32.Rc3 Kd7 33.a3 b6 34.b4 
Ra2 35.Ne1 Ra1 36.Ke2 Bb8 37.g4 h6 38.Nc2 Rb1 39.Kd3 b5 40.Kd2 Ba7 41.Rd3+
Ke7 42.Rf3 Bd4 43.Rd3 Rh1 44.Rf3 Rh2+ 45.Kd1 Rg2 46.Ne1 Rh2 47.Nc2 Kd6 48.
Ne1 Bf2 49.Nc2 Bh4 50.Rd3+ Ke7 51.Rf3 Kd6 52.Rd3+ Ke7 1/2-1/2

[Event "Rewal 2011 - Open A"]
[Site "Rewal"]
[Date "2011.08.24"]
[Round "5.27"]
[White "Kubica, Kamil"]
[Black "Szusterowski, Radoslaw"]
[Result "1-0"]
[WhiteElo "1941"]
[BlackElo "2122"]
[EventDate "2011.??.??"]
[PlyCount "69"]

1.d4 Nf6 2.c4 c5 3.d5 g6 4.Nc3 Bg7 5.e4 d6 6.f4 O-O 7.Nf3 Re8 8.Bd3 e6 9.
O-O exd5 10.exd5 Bg4 11.h3 Bxf3 12.Qxf3 Nbd7 13.Kh1 a6 14.Bd2 Qc7 15.a4 
Re7 16.Rae1 Rae8 17.Rxe7 Rxe7 18.Re1 Rxe1+ 19.Bxe1 Kf8 20.g4 Qb6 21.Qe2 
Qb3 22.Qc2 Qb4 23.Bd2 Ne8 24.b3 Qa5 25.Ne4 Qd8 26.Kg2 Ndf6 27.Ng3 Qe7 28.
g5 Nd7 29.h4 Nc7 30.h5 Bd4 31.f5 Be3 32.hxg6 hxg6 33.fxg6 Qxg5 34.Bxe3 
Qxe3 35.g7+ 1-0

[Event "Rewal 2011 - Open A"]
[Site "Rewal"]
[Date "2011.08.24"]
[Round "5.28"]
[White "Licznerski, Lukasz"]
[Black "Kasperek, Joanna"]
[Result "1-0"]
[WhiteElo "2122"]
[BlackElo "2025"]
[EventDate "2011.??.??"]
[PlyCount "67"]

1.e4 c5 2.Nf3 e6 3.d4 cxd4 4.Nxd4 a6 5.Bd3 Nf6 6.O-O Qc7 7.Qe2 d6 8.c4 Be7
9.b3 b6 10.Bb2 Bb7 11.Nc3 Nbd7 12.Rae1 O-O 13.Kh1 Rfe8 14.f4 Red8 15.Bb1 
Rac8 16.Qd3 Nc5 17.Qh3 e5 18.Nf5 Bf8 19.Nd5 Bxd5 20.exd5 Re8 21.Nxd6 Bxd6 
22.fxe5 Ncd7 23.exd6 Qxd6 24.Bf5 Rcd8 25.Qf3 Re7 26.Rxe7 Qxe7 27.Bxd7 Nxd7
28.Qg3 f6 29.Re1 Qf7 30.Re6 Qh5 31.h3 Qf5 32.Re7 Qg6 33.Qc7 Re8 34.Qxd7 
1-0

[Event "Rewal 2011 - Open A"]
[Site "Rewal"]
[Date "2011.08.24"]
[Round "5.29"]
[White "Zakrzewski, Marek"]
[Black "Lapaj, Mateusz"]
[Result "1-0"]
[WhiteElo "2097"]
[BlackElo "2021"]
[EventDate "2011.??.??"]
[PlyCount "69"]

1.e4 e6 2.d3 c5 3.g3 g6 4.Bg2 Bg7 5.Nc3 d6 6.Be3 Nc6 7.Qd2 Nd4 8.Nd1 Bd7 
9.c3 Nc6 10.Ne2 Qa5 11.O-O Nge7 12.f4 f5 13.d4 cxd4 14.Nxd4 Nxd4 15.Bxd4 
Bxd4+ 16.Qxd4 Qc5 17.Qxc5 dxc5 18.exf5 Nxf5 19.Bxb7 Rb8 20.Bg2 Kf7 21.Re1 
Rhc8 22.Rb1 Bc6 23.Nf2 Bxg2 24.Kxg2 Rb6 25.Ng4 Rd8 26.Ne5+ Kf6 27.Nc4 Rb7 
28.g4 Nd6 29.Red1 Nf7 30.Rxd8 Nxd8 31.g5+ Ke7 32.Rd1 Nf7 33.h4 e5 34.fxe5 
Ke6 35.Kg3 1-0

[Event "Rewal 2011 - Open A"]
[Site "Rewal"]
[Date "2011.08.24"]
[Round "5.31"]
[White "Reza, Wojciech"]
[Black "Tomaszewska, Luiza"]
[Result "1-0"]
[WhiteElo "2026"]
[BlackElo "1993"]
[EventDate "2011.??.??"]
[PlyCount "135"]

1.d4 d5 2.c4 dxc4 3.e3 Nf6 4.Bxc4 e6 5.Nf3 c5 6.O-O Be7 7.Qe2 O-O 8.Nc3 a6
9.Rd1 b5 10.Bb3 Qb6 11.e4 cxd4 12.Nxd4 Bc5 13.Be3 Nbd7 14.Rac1 Bb7 15.f3 
Ne5 16.Nc2 Bxe3+ 17.Qxe3 Qxe3+ 18.Nxe3 g5 19.a4 b4 20.Na2 a5 21.Rc5 Nfd7 
22.Rc7 Bc6 23.Rxc6 Nxc6 24.Rxd7 Rfd8 25.Rxd8+ Rxd8 26.Nc1 Ne5 27.Bc2 Rd2 
28.Kf1 f5 29.Ke1 Rd8 30.exf5 exf5 31.Bxf5 Kg7 32.Ke2 Kf6 33.Be4 h5 34.Nb3 
Rd7 35.Nxa5 Ra7 36.Nc6 Rxa4 37.Nxb4 Ra1 38.Nbc2 Ra2 39.b4 g4 40.b5 Rb2 41.
b6 Kg5 42.b7 gxf3+ 43.gxf3 Nd7 44.Nc4 Rb3 45.Nd6 Rb6 46.Nc4 Rb3 47.N2e3 
Nc5 48.Nd6 Kf4 49.Nd5+ Ke5 50.Nc4+ Kd4 51.Ndb6 Na6 52.Kf2 h4 53.Kg2 Rb5 
54.Kh3 Rh5 55.Kg4 Rh8 56.Na5 Kc5 57.Nc8 Kd4 58.Nc6+ Ke3 59.Nb6 Rg8+ 60.Kh3
Kf2 61.Nd7 Rg2 62.b8=Q Nxb8 63.Ndxb8 Kg1 64.Kxh4 Rxh2+ 65.Kg3 Rg2+ 66.Kf4 
Kf2 67.Nd7 Rh2 68.Nf6 1-0

[Event "Rewal 2011 - Open A"]
[Site "Rewal"]
[Date "2011.08.24"]
[Round "5.32"]
[White "Leczycki, Pawel"]
[Black "Lewtak, Damian"]
[Result "1/2-1/2"]
[WhiteElo "2002"]
[BlackElo "2093"]
[EventDate "2011.??.??"]
[PlyCount "77"]

1.d4 d5 2.c4 e6 3.Nc3 Be7 4.Nf3 Nf6 5.Bg5 c6 6.e3 O-O 7.Rc1 Re8 8.Bd3 Nbd7
9.cxd5 exd5 10.O-O Nf8 11.Qc2 h6 12.Bh4 Bd6 13.Rfe1 Bg4 14.Nd2 g5 15.Bg3 
Bh5 16.f3 Bxg3 17.hxg3 Bg6 18.g4 Qd6 19.Nf1 Kg7 20.Kf2 Ne6 21.Ng3 h5 22.
gxh5 Nxh5 23.Nxh5+ Bxh5 24.Rh1 Rh8 25.Ne2 Bg6 26.Ng3 Rae8 27.Qb3 Qe7 28.
Nf5+ Bxf5 29.Bxf5 Rb8 30.Bb1 Rxh1 31.Rxh1 Rh8 32.Rxh8 Kxh8 33.Qd3 Nf8 34.
Qf5 Ng6 35.a3 Kg7 36.Qc8 a5 37.g4 Qd6 38.Bxg6 Qxg6 39.Qxb7 1/2-1/2

[Event "Rewal 2011 - Open A"]
[Site "Rewal"]
[Date "2011.08.24"]
[Round "5.33"]
[White "Smola, Michal"]
[Black "Mlodzinska, Irena"]
[Result "1-0"]
[WhiteElo "2187"]
[BlackElo "1926"]
[EventDate "2011.??.??"]
[PlyCount "61"]

1.e4 c5 2.Nc3 e6 3.f4 Nc6 4.Nf3 d5 5.d3 d4 6.Ne2 Nge7 7.g3 g6 8.Bg2 Bg7 9.
O-O O-O 10.Bd2 b5 11.Qe1 Bb7 12.g4 f5 13.Qh4 Qd7 14.Rae1 Nd8 15.Ng3 Qd6 
16.exf5 gxf5 17.Ng5 h6 18.Nxe6 Nxe6 19.Bxb7 Rab8 20.gxf5 Nxf5 21.Nxf5 Rxf5
22.Be4 Rff8 23.f5 Nc7 24.Bf4 Qb6 25.Qg3 Rbc8 26.Bd6 Rf7 27.f6 Ne8 28.Qg6 
Nxf6 29.Rxf6 Rxf6 30.Qh7+ Kf7 31.Bd5+ 1-0

[Event "Rewal 2011 - Open A"]
[Site "Rewal"]
[Date "2011.08.24"]
[Round "5.35"]
[White "Zmarzly, Aleksandra"]
[Black "Bes, Michal"]
[Result "1/2-1/2"]
[WhiteElo "2094"]
[BlackElo "1906"]
[EventDate "2011.??.??"]
[PlyCount "79"]

1.e4 e5 2.Nf3 Nf6 3.Nxe5 d6 4.Nf3 Nxe4 5.Nc3 Nxc3 6.dxc3 Be7 7.Bf4 Nc6 8.
Qd2 Be6 9.Bd3 Qd7 10.a3 h6 11.O-O-O O-O-O 12.Kb1 g5 13.Be3 f5 14.Rhe1 Bf6 
15.Bb5 a6 16.Bxc6 bxc6 17.Qd3 Kb7 18.Bd4 Qf7 19.Bxf6 Qxf6 20.Nd4 Rhe8 21.
c4 Bd7 22.Rxe8 Rxe8 23.Qb3+ Ka7 24.Qa4 Rb8 25.b4 Rb6 26.Kc1 Qe5 27.c5 dxc5
28.Nb3 Qf4+ 29.Kb1 Be8 30.Rd8 Bf7 31.Nxc5 Qxf2 32.Qa5 Qg1+ 33.Kb2 Qxh2 34.
Nd7 Qd6 35.Qxf5 Be6 36.Qh7 Qd4+ 37.Kb1 Qg1+ 38.Kb2 Qd4+ 39.Kb1 Qg1+ 40.Kb2
1/2-1/2

[Event "Rewal 2011 - Open A"]
[Site "Rewal"]
[Date "2011.08.24"]
[Round "5.38"]
[White "Andrzejewska, Anna"]
[Black "Falkowski, Dawid"]
[Result "1-0"]
[WhiteElo "1987"]
[BlackElo "2059"]
[EventDate "2011.??.??"]
[PlyCount "68"]

1.e4 e5 2.Nf3 Nc6 3.d4 exd4 4.Bc4 Nf6 5.e5 d5 6.Bb5 Ne4 7.Nxd4 Bc5 8.O-O 
Bd7 9.Bxc6 bxc6 10.f3 Ng5 11.f4 Ne4 12.Be3 Rb8 13.Nd2 Nxd2 14.Qxd2 Qe7 15.
Nb3 Bb6 16.Qc3 O-O 17.Bc5 Rfe8 18.a4 Bf5 19.a5 Bxc5+ 20.Nxc5 Rb5 21.b4 Rd8
22.Rad1 Re8 23.Rfe1 Qh4 24.Na6 Re6 25.Nxc7 Rh6 26.Qg3 Qxg3 27.hxg3 Rxb4 
28.Rb1 Rxb1 29.Rxb1 Kf8 30.Rb8+ Ke7 31.Rb7 Kd8 32.c3 c5 33.Nxd5 Ra6 34.
Rxf7 Rxa5 1-0

[Event "Rewal 2011 - Open A"]
[Site "Rewal"]
[Date "2011.08.24"]
[Round "5.39"]
[White "Boruta, Dawid"]
[Black "Spicak, Krzysztof"]
[Result "0-1"]
[WhiteElo "1874"]
[BlackElo "2054"]
[EventDate "2011.??.??"]
[PlyCount "62"]

1.f4 d5 2.Nf3 g6 3.g3 Bg7 4.Bg2 c5 5.O-O Nc6 6.d3 e6 7.c3 Nge7 8.e4 O-O 9.
e5 b5 10.Na3 Rb8 11.Nc2 a5 12.Be3 c4 13.Bc5 Re8 14.Bxe7 Qxe7 15.d4 b4 16.
g4 f5 17.exf6 Bxf6 18.g5 Bg7 19.h4 Qc7 20.Ne5 Bd7 21.h5 Ne7 22.Ne3 Rf8 23.
hxg6 hxg6 24.Qc2 Bxe5 25.fxe5 Rxf1+ 26.Rxf1 Nf5 27.Ng4 Kg7 28.Bf3 Rh8 29.
Kf2 Rh5 30.Nf6 Rh2+ 31.Bg2 Rxg2+ 0-1

[Event "Rewal 2011 - Open A"]
[Site "Rewal"]
[Date "2011.08.24"]
[Round "5.40"]
[White "Jarus, Grzegorz"]
[Black "Korosciel, Aneta"]
[Result "0-1"]
[WhiteElo "1858"]
[BlackElo "2066"]
[EventDate "2011.??.??"]
[PlyCount "84"]

1.d4 Nf6 2.Nf3 e6 3.c4 b6 4.Nc3 Bb7 5.Bg5 Be7 6.e3 d6 7.Bd3 Nbd7 8.O-O O-O
9.Nd2 c5 10.f4 d5 11.cxd5 Nxd5 12.Nxd5 exd5 13.Qh5 g6 14.Qh4 f6 15.Bh6 f5 
16.Bg5 Bxg5 17.fxg5 Re8 18.Rf3 Nf8 19.g4 fxg4 20.Qxg4 c4 21.Bc2 Rc8 22.Qf4
Qe7 23.Ba4 Bc6 24.Bxc6 Rxc6 25.h4 Re6 26.Re1 Qg7 27.Kg2 b5 28.a3 a5 29.Qg3
b4 30.axb4 axb4 31.Nb1 Rc6 32.Rc1 Rec8 33.Qe1 Qd7 34.Kg3 c3 35.bxc3 bxc3 
36.Rc2 Qe7 37.Kg2 Qb4 38.Rc1 Ne6 39.Kg3 Ng7 40.e4 Qxd4 41.exd5 Rc4 42.Qh1 
Nf5+ 0-1

[Event "Rewal 2011 - Open A"]
[Site "Rewal"]
[Date "2011.08.24"]
[Round "5.41"]
[White "Duszenko, Michal"]
[Black "Gabrys, Sebastian"]
[Result "1-0"]
[WhiteElo "1840"]
[BlackElo "1805"]
[EventDate "2011.??.??"]
[PlyCount "49"]

1.e4 c5 2.Nf3 e6 3.d4 cxd4 4.Nxd4 Nf6 5.Bd3 Nc6 6.Nxc6 bxc6 7.O-O d5 8.e5 
Nd7 9.Re1 Bc5 10.Qg4 g6 11.Nd2 Qb6 12.Qg3 Be7 13.Nf3 c5 14.b3 f5 15.exf6 
Bxf6 16.Rb1 c4 17.Be3 Qc6 18.bxc4 dxc4 19.Nd4 Bxd4 20.Bxd4 cxd3 21.Bxh8 
Qxc2 22.Rxe6+ Kf7 23.Rbe1 Nf8 24.Qf4+ Kg8 25.Qxf8+ 1-0

[Event "Rewal 2011 - Open A"]
[Site "Rewal"]
[Date "2011.08.25"]
[Round "6.2"]
[White "Dragun, Kamil"]
[Black "Ziaziulkina, Nastassia"]
[Result "1/2-1/2"]
[WhiteElo "2428"]
[BlackElo "2291"]
[EventDate "2011.??.??"]
[PlyCount "86"]

1.e4 e5 2.Nf3 Nf6 3.d4 Nxe4 4.Bd3 d5 5.dxe5 Nc5 6.Be2 Be7 7.Nc3 c6 8.O-O 
Nbd7 9.Bf4 f6 10.Qd2 O-O 11.Rae1 Qb6 12.Bg3 Qxb2 13.Rb1 Qa3 14.Rfe1 fxe5 
15.Nxe5 Nxe5 16.Bxe5 Bf5 17.Bh5 Bf6 18.Bxf6 Rxf6 19.Re7 Raf8 20.Qe3 Bxc2 
21.Re1 Qb4 22.a3 Qc4 23.Rc1 d4 24.Qg3 Bg6 25.Ne2 Qd3 26.Bf3 Kh8 27.h4 Nb3 
28.Re1 Nd2 29.h5 Nxf3+ 
    ( 29...Rxf3 30.gxf3 Nxf3+ 31.Kh1 Nxe1 )
30.gxf3 Rxf3 31.Qe5 Bf7 32.Nf4 Qd2 33.Rxf7 Qxf2+ 34.Kh1 Qh4+ 35.Kg1 Qf2+ 
36.Kh1 Qh4+ 37.Kg1 Qf2+ 38.Kh1 Qh4+ 39.Kg1 Qg3+ 40.Kh1 Qh4+ 41.Kg1 Qg4+ 
42.Kh1 Qh4+ 43.Kg1 Qg4+ 1/2-1/2

[Event "Rewal 2011 - Open A"]
[Site "Rewal"]
[Date "2011.08.25"]
[Round "6.3"]
[White "Ivanov, Mikhail M"]
[Black "Obrusnik, Michal"]
[Result "1-0"]
[WhiteElo "2410"]
[BlackElo "2255"]
[EventDate "2011.??.??"]
[PlyCount "63"]

1.d4 Nf6 2.c4 g6 3.Nc3 Bg7 4.g3 O-O 5.Bg2 d6 6.Nf3 Nc6 7.O-O a6 8.h3 Bd7 
9.e4 e5 10.dxe5 dxe5 11.Re1 Be6 12.Nd5 h6 13.Bd2 Nd7 14.Rc1 Nc5 15.Bc3 a5 
16.b3 Re8 17.Rc2 Qc8 18.Kh2 b6 19.Rd2 Qb7 20.Qa1 Rad8 21.Nh4 Nd4 22.f4 
Bxd5 23.exd5 Ndxb3 24.axb3 Nxb3 25.Qa2 Nxd2 26.fxe5 Nxc4 27.Qxc4 b5 28.Qg4
Qa6 29.Ba1 h5 30.Qg5 Qb6 31.e6 Bxa1 32.Rxa1 1-0

[Event "Rewal 2011 - Open A"]
[Site "Rewal"]
[Date "2011.08.25"]
[Round "6.4"]
[White "Bebel, Arkadiusz"]
[Black "Nguyen, Piotr"]
[Result "0-1"]
[WhiteElo "2309"]
[BlackElo "2378"]
[EventDate "2011.??.??"]
[PlyCount "94"]

1.e4 e6 2.d4 d5 3.Nd2 Nf6 4.e5 Nfd7 5.Bd3 c5 6.c3 Nc6 7.Ne2 cxd4 8.cxd4 f6
9.exf6 Nxf6 10.Nf3 Bd6 11.O-O Qc7 12.g3 O-O 13.Bf4 Ng4 14.Rc1 Bxf4 15.Nxf4
Rxf4 16.gxf4 Qxf4 17.Be2 Nf6 18.Kh1 Ne4 19.Bd3 Bd7 20.Bxe4 dxe4 21.Ne1 Rf8
22.Ng2 Qd6 23.f3 exf3 24.Rxf3 Nxd4 25.Rxf8+ Kxf8 26.Qh5 Bc6 27.Qc5 Ke7 28.
Qxd6+ Kxd6 29.Rd1 Ke5 30.Kg1 Nf3+ 31.Kf2 Nxh2 32.Ne3 Nf3 33.Rd8 Ng5 34.
Nc4+ Kf4 35.Rf8+ Ke4 36.Kg3 Bd5 37.Nd6+ Kd3 38.Kf4 Nf3 39.Kg3 e5 40.Rc8 
Bc6 41.b4 e4 42.b5 Bd5 43.Rc5 Kd4 44.Rc1 e3 45.b6 axb6 46.Nb5+ Kd3 47.Nc3 
Bc6 0-1

[Event "Rewal 2011 - Open A"]
[Site "Rewal"]
[Date "2011.08.25"]
[Round "6.6"]
[White "Sabuk, Piotr"]
[Black "Cyborowski, Lukasz"]
[Result "0-1"]
[WhiteElo "2199"]
[BlackElo "2537"]
[EventDate "2011.??.??"]
[PlyCount "66"]

1.e4 c6 2.d3 g6 3.Nf3 Bg7 4.g3 d5 5.Nbd2 e5 6.Bg2 Ne7 7.O-O O-O 8.b4 a5 9.
bxa5 Rxa5 10.Bb2 Nd7 11.Re1 d4 12.c3 dxc3 13.Bxc3 Ra6 14.Nc4 Qc7 15.Qc2 c5
16.a4 Nc6 17.Reb1 Re8 18.Rb5 Bf8 19.Ne3 Nf6 20.Nd5 Qd8 21.Qb2 Nxd5 22.exd5
Ne7 23.d6 Rxd6 24.Ba5 Qd7 25.Nxe5 Qe6 26.Bc7 Rd5 27.Rb6 Nc6 28.Bxd5 Qxd5 
29.Nxc6 Bh3 30.f3 bxc6 31.Rb8 Rxb8 32.Bxb8 Bg7 33.Qe2 Qd4+ 0-1

[Event "Rewal 2011 - Open A"]
[Site "Rewal"]
[Date "2011.08.25"]
[Round "6.7"]
[White "Zochowski, Kacper"]
[Black "Westerinen, Heikki M.j"]
[Result "1/2-1/2"]
[WhiteElo "1954"]
[BlackElo "2355"]
[EventDate "2011.??.??"]
[PlyCount "109"]

1.e4 e6 2.d4 d5 3.Nc3 Bb4 4.e5 c5 5.a3 Bxc3+ 6.bxc3 Nc6 7.Nf3 Qa5 8.Bd2 
Qa4 9.Be3 Bd7 10.h4 f6 11.Bf4 O-O-O 12.Be2 Nge7 13.exf6 gxf6 14.Bd6 cxd4 
15.Bxe7 Nxe7 16.cxd4 Rhg8 17.g3 Kb8 18.Bd3 Nf5 19.c3 Qa5 20.Qd2 Rc8 21.Rc1
Bb5 22.O-O Bxd3 23.Qxd3 Qxa3 24.Rc2 Qd6 25.Kh1 Rc7 26.c4 dxc4 27.Rxc4 
Nxg3+ 28.fxg3 Qxg3 29.Rc2 Rg4 30.Rh2 Rcg7 31.Qe2 Qd6 32.Rg1 Rxg1+ 33.Nxg1 
Qxd4 34.Nf3 Qa1+ 35.Ne1 e5 36.Rg2 Rxg2 37.Kxg2 Qd4 38.Qh5 Qe4+ 39.Kf2 Qg6 
40.Qd1 Qf5+ 41.Nf3 Kc7 42.Qc1+ Kd7 43.Qd2+ Ke8 44.Qd5 Qc2+ 45.Kf1 Qb1+ 46.
Kf2 Qb6+ 47.Kg3 Kf8 48.Qd7 h5 49.Qh7 Qd6 50.Kg2 Qd5 51.Qxh5 Qg8+ 52.Kf2 
Qa2+ 53.Kg3 Qg8+ 54.Kf2 Qa2+ 55.Kg3 1/2-1/2

[Event "Rewal 2011 - Open A"]
[Site "Rewal"]
[Date "2011.08.25"]
[Round "6.8"]
[White "Pacuszka, Tomasz"]
[Black "Dowgird, Filip"]
[Result "1/2-1/2"]
[WhiteElo "2289"]
[BlackElo "2110"]
[EventDate "2011.??.??"]
[PlyCount "92"]

1.c4 Nf6 2.Nc3 d6 3.g3 g6 4.Bg2 Bg7 5.d3 e5 6.e4 O-O 7.Nge2 Nbd7 8.O-O a5 
9.h3 c6 10.Be3 Rb8 11.Ba7 Ra8 12.Be3 Rb8 13.f4 exf4 14.gxf4 Qe7 15.Qd2 Nh5
16.d4 Bh6 17.Rae1 b5 18.cxb5 cxb5 19.Nd5 Qd8 20.f5 Bxe3+ 21.Qxe3 Bb7 22.
Nef4 Bxd5 23.Nxd5 Ndf6 24.Nxf6+ Qxf6 25.fxg6 Qxg6 26.Rf5 Ng7 27.Rg5 Qe6 
28.Qg3 Qf6 29.e5 dxe5 30.dxe5 Qh6 31.Re4 Kh8 32.Rh4 Qb6+ 33.Kh2 Rg8 34.
Rxh7+ Kxh7 35.Qh4+ Nh5 36.Qxh5+ Qh6 37.Be4+ Rg6 38.Bxg6+ fxg6 39.Qxh6+ 
Kxh6 40.h4 a4 41.e6 b4 42.Ra5 b3 43.Rxa4 bxa2 44.Rxa2 Kg7 45.Kg3 Kf6 46.
Kh3 Rb3+ 1/2-1/2

[Event "Rewal 2011 - Open A"]
[Site "Rewal"]
[Date "2011.08.25"]
[Round "6.9"]
[White "Krupa, Monika"]
[Black "Wiewiora, Eneasz"]
[Result "1/2-1/2"]
[WhiteElo "2226"]
[BlackElo "2083"]
[EventDate "2011.??.??"]
[PlyCount "147"]

1.e4 Nf6 2.e5 Nd5 3.Nc3 Nxc3 4.bxc3 d5 5.d4 c5 6.Nf3 Nc6 7.Be2 Bg4 8.O-O 
e6 9.Rb1 Qc7 10.Be3 cxd4 11.cxd4 Be7 12.c4 dxc4 13.Qa4 Bf5 14.Rbc1 Bd3 15.
Bxd3 cxd3 16.Qb5 O-O 17.Qxd3 Qd7 18.Qe4 Nb4 19.Rc4 Qd5 20.Qxd5 Nxd5 21.a4 
Rfc8 22.Rfc1 Rxc4 23.Rxc4 h6 24.Kf1 Kf8 25.Ke2 Ke8 26.Nd2 Kd8 27.a5 Rc8 
28.g4 Bb4 29.Rxc8+ Kxc8 30.Nb3 Kc7 31.Kd3 Kc6 32.Kc4 Be1 33.Kd3 Kb5 34.Nc5
Kc6 35.Nb3 b6 36.axb6 Nxb6 37.f4 Nd5 38.Bc1 a5 39.f5 Bb4 40.fxe6 fxe6 41.
h4 a4 42.Nc5 a3 43.Nxe6 a2 44.Bb2 Bc3 45.Kc2 a1=Q 46.Bxa1 Bxa1 47.Kd3 g6 
48.Nf8 Ne7 49.Ke4 h5 50.g5 Bc3 51.d5+ Nxd5 52.Nxg6 Be1 53.Nf4 Bxh4 54.g6 
Ne7 55.g7 Kd7 56.Ng6 Ng8 57.Nxh4 Ke8 58.Nf5 Kf7 59.Kd5 h4 60.e6+ Kf6 61.
Nxh4 Kxg7 62.Kd6 Kf6 63.Ng2 Ne7 64.Nf4 Nc8+ 65.Kc7 Ne7 66.Kd7 Nf5 67.Nd5+ 
Kg7 68.Nf4 Kf6 69.Nh5+ Kg5 70.Ng3 Nxg3 71.e7 Nh5 72.e8=Q Nf6+ 73.Kd8 Nxe8 
74.Kxe8 1/2-1/2